000 00263nam a22001217a 4500
008 181018b xxu||||| |||| 00| 0 eng d
041 _aeng
080 _a941
100 _a17
101 _aHIS
245 _aThe Past in Perspective
_cFeder, K.L
942 _2udc
_cBK
999 _c50168
_d50168